Buque escuela : (Registro nro. 15410)

Detalles MARC
000 -LEADER
fixed length control field 00868nam a22002297a 4500
003 - CONTROL NUMBER IDENTIFIER
control field OSt
005 - DATE AND TIME OF LATEST TRANSACTION
control field 20210317123254.0
008 - FIXED-LENGTH DATA ELEMENTS--GENERAL INFORMATION
fixed length control field 210317s2008 ck ao||gr|||| 00| 0 spa d
020 ## - INTERNATIONAL STANDARD BOOK NUMBER
International Standard Book Number 9789589754092
040 ## - CATALOGING SOURCE
Original cataloging agency CO-JMCR
Transcribing agency CO-JMCR
041 0# - LANGUAGE CODE
Language code of text/sound track or separate title spa
082 04 - DEWEY DECIMAL CLASSIFICATION NUMBER
Classification number 359.0986 /
Item number A727b
Edition number 23
110 2# - MAIN ENTRY--CORPORATE NAME
Corporate name or jurisdiction name as entry element Armada República de Colombia
9 (RLIN) 36222
245 10 - TITLE STATEMENT
Title Buque escuela :
Remainder of title ARC "Gloria" /
Statement of responsibility, etc. Armada República de Colombia
260 ## - PUBLICATION, DISTRIBUTION, ETC.
Place of publication, distribution, etc. Cartagena :
Name of publisher, distributor, etc. Consuelo Mendoza Ediciones,
Date of publication, distribution, etc. 2008
300 ## - PHYSICAL DESCRIPTION
Extent 124 páginas :
Other physical details ilustraciones y fotografías a color ;
Dimensions 31 cm.
505 0# - FORMATTED CONTENTS NOTE
Formatted contents note ARC " Gloria" -- Crónicas de los protagonistas --Las entrañas del "Gloria" -- El embajador flotante
650 14 - SUBJECT ADDED ENTRY--TOPICAL TERM
Topical term or geographic name entry element Buque Escuela ARC Gloria
General subdivision Historia
9 (RLIN) 36223
650 24 - SUBJECT ADDED ENTRY--TOPICAL TERM
Topical term or geographic name entry element Buque Escuela ARC Gloria
General subdivision Fotografías
9 (RLIN) 36224
651 14 - SUBJECT ADDED ENTRY--GEOGRAPHIC NAME
Geographic subdivision Colombia
General subdivision Historia naval
9 (RLIN) 36225
942 ## - ADDED ENTRY ELEMENTS (KOHA)
Source of classification or shelving scheme Dewey Decimal Classification
Koha item type Books
Existencias
Withdrawn status Lost status Source of classification or shelving scheme Damaged status Not for loan Home library Current library Shelving location Date acquired Source of acquisition Total Checkouts Full call number Barcode Date last seen Date last checked out Copy number Price effective from Koha item type
    Dewey Decimal Classification     Biblioteca Pública José María del Castillo y Rada Biblioteca Pública José María del Castillo y Rada General Stacks   Donación 2 359.0986 / A727b 201810896 08/06/2025 08/05/2025 Ej.1   Books